| 000 | 00364nam a2200145Ia 4500 | ||
|---|---|---|---|
| 008 | 221030s9999 xx 000 0 und d | ||
| 041 | _aEnglish | ||
| 082 |
_a105.23 _bHoe |
||
| 100 | _aA. M. Hoebeek | ||
| 245 | 0 |
_aLinear I.C Equivalents with Pin Connections _cby A. M. Hoebeek |
|
| 260 |
_bBPB Pub _aNew Delhi _c1988 |
||
| 300 | _a247 | ||
| 650 | _aECE | ||
| 942 | _cBK | ||
| 999 |
_c709 _d709 |
||